| 000 | 00760nam a2200217Ia 4500 | ||
|---|---|---|---|
| 001 | 15728 | ||
| 003 | GE_BSU | ||
| 008 | 181216s||||||||xx |||||||||||||| ||und|| | ||
| 020 | _a966-522-091-8 | ||
| 040 | _cGE_BSU | ||
| 080 | _a821.353.1-94 | ||
| 100 | _aჩილაჩავა, რაულ | ||
| 245 | _aპესიმისტის ჩანაწერები | ||
| 245 | _cმხატვრ. გაფორმება ჟანეტა პრისიაჟნის | ||
| 260 | _aკიევი | ||
| 260 | _bუკრაინის ეროვნ. უმცირ. ლიტ. მთ. სპეც. რედაქცია | ||
| 260 | _c1999 | ||
| 300 | _a168 გვ. : პორტრ. ; 20 სმ | ||
| 541 | _h8ლ. | ||
| 942 | _cBK | ||
| 999 |
_c48826 _d48826 |
||